| 000 | 00000nam##2200000za#4500 |
| 001 | 9.661942 |
| 003 | CaOODSP |
| 005 | 20210615120314 |
| 007 | ta |
| 008 | 150407|2000||||xxc||||| f|0| 0 fre|d |
| 020 | |a0-662-65049-2 |
| 040 | |aCaOODSP|bfre |
| 041 | |aeng |
| 041 | |afre |
| 043 | |an-cn--- |
| 086 | 1 |aR72-290/2000 |
| 110 | 1 |aCanada.|bAffaires indiennes et du Nord. |
| 245 | 10|aLes sciences et la technologie dans le Nord canadien : |bcadre et plan de recherche fédéraux, du 1er avril 2000 au 31 mars 2002 |
| 260 | |aOttawa - Ontario : |bAffaires indiennes et du Nord |c2000. |
| 300 | |aTexte français, 50p. : |bill. ; |c30 cm. |
| 500 | |a«Le présent rapport a été préparé à l'intention du Comité interministériel fédéral pour les sciences et la technologie dans le Nord.»--Verso de la couverture. |
| 520 | 3 |aLe présent rapport a été préparé à l'intention du Comité interministériel fédéral pour les sciences et la technologie dans le Nord.--Verso de la couverture |
| 546 | |aBilingue |
| 563 | |aCouverture souple |
| 590 | |a00-35|b2000-09-01 |
| 691 | 07|aNord canadien|2gcpds |
| 691 | 07|aFinancement|2gcpds |
| 691 | 07|aSciences|2gcpds |
| 691 | 07|aTechnologie|2gcpds |
| 776 | 0#|tLes sciences et la technologie dans le Nord canadien : |w(CaOODSP)9.642083 |
| 776 | 0#|tNorthern science and technology in Canada : |w(CaOODSP)9.698087 |
| 791 | |tNorthern Science and Technology in Canada : |eeng|w(CaOODSP)9.661941 |
| 986 | |aQS-8600-000BB-A1 |